<?xml version="1.0" encoding="UTF-8"?>
<record
    xmlns:xsi="http://www.w3.org/2001/XMLSchema-instance"
    xsi:schemaLocation="http://www.loc.gov/MARC21/slim http://www.loc.gov/standards/marcxml/schema/MARC21slim.xsd"
    xmlns="http://www.loc.gov/MARC21/slim">

  <leader>01056nam a22001697a 4500</leader>
  <controlfield tag="003">OSt</controlfield>
  <controlfield tag="005">20240410111315.0</controlfield>
  <controlfield tag="008">240410s1988    ag ||||| |||| 00| 0 spa d</controlfield>
  <datafield tag="020" ind1=" " ind2=" ">
    <subfield code="a">8447300005</subfield>
  </datafield>
  <datafield tag="040" ind1=" " ind2=" ">
    <subfield code="c">besoc</subfield>
  </datafield>
  <datafield tag="100" ind1=" " ind2=" ">
    <subfield code="a">Eco, Umberto</subfield>
    <subfield code="e">autor</subfield>
  </datafield>
  <datafield tag="245" ind1=" " ind2=" ">
    <subfield code="a">El Nombre De La Rosa</subfield>
    <subfield code="c">Umberto Eco</subfield>
  </datafield>
  <datafield tag="260" ind1=" " ind2=" ">
    <subfield code="a">Espa&#xF1;a:</subfield>
    <subfield code="b">Lumen</subfield>
    <subfield code="c">1988</subfield>
  </datafield>
  <datafield tag="300" ind1=" " ind2=" ">
    <subfield code="a">467 p.</subfield>
  </datafield>
  <datafield tag="520" ind1=" " ind2=" ">
    <subfield code="a">Original mezcla de relato policiaco a lo Agatha Chistie y novela culta, El Nombre De La Rosa -primera novela del escritor y semi&#xF3;logo italiano Umberto Eco- cuenta las peripecias de Fray Guillermo de Baskerville y su alumno y acompa&#xF1;ante fiel, Adso de Melk, en una abad&#xED;a benedictina en el primer tercio del siglo XIV. Peripecias que giran alrededor de unos misteriosos textos griegos y las extra&#xF1;as muertes que se suceden en torno a ellos. Con el marco nada incomparable de la Edad Media, El nombre de la rosa se revela como una aventura laber&#xED;ntica, perfecta tanto para los que busquen una lectura culta como para que dejen seducir por el puro entretenimiento.</subfield>
  </datafield>
  <datafield tag="942" ind1=" " ind2=" ">
    <subfield code="2">udc</subfield>
    <subfield code="c">LPD</subfield>
    <subfield code="n">0</subfield>
  </datafield>
  <datafield tag="999" ind1=" " ind2=" ">
    <subfield code="c">225</subfield>
    <subfield code="d">225</subfield>
  </datafield>
</record>
